[Event "Comodoro Rivadavia"]
[Site "Comodoro Rivadavia"]
[Date "2023.09.16"]
[Round "7"]
[White "Slomka, Gustavo"]
[Black "Belmonte, Diego Mariano"]
[Result "0-1"]
[WhiteElo "2012"]
[BlackElo "2318"]
[PlyCount "154"]
[EventDate "2023.09.12"]
[EventType "tourn"]
[EventRounds "9"]
[EventCountry "ARG"]
[EventCategory "2"]
[SourceTitle "EXT 2024"]
[Source "ChessBase"]
[SourceDate "2023.10.10"]
[SourceVersion "1"]
[SourceVersionDate "2023.10.10"]
[SourceQuality "1"]

1. e4 Nf6 2. e5 Nd5 3. d4 d6 4. c4 Nb6 5. exd6 cxd6 6. Nc3 g6 7. Be3 Bg7 8. Rc1 0-0 9. b3 e5 10. dxe5 dxe5 11. Qxd8 Rxd8 12. c5 N6d7 13. Bc4 Nc6 14. Nf3 h6 15. 0-0 Nf8 16. Ne4 Be6 17. Nd6 Rab8 18. Rfd1 f5 19. g3 Bxc4 20. Rxc4 Ne6 21. b4 e4 22. Nh4 Ne5 23. Rcc1 Kh7 24. Kf1 Nd3 25. Rb1 b6 26. Nb5 a6 27. Na7 Rd7 28. cxb6 Nd4 29. Bxd4 Bxd4 30. Nc6 Rxb6 31. Nxd4 Rxd4 32. a3 Rc4 33. Rd2 a5 34. b5 a4 35. f3 Rc3 36. fxe4 fxe4 37. Re2 Nc5 38. Rb4 Kg7 39. Rd2 Kf6 40. Ke2 Ke5 41. Rd8 Rxa3 42. Rc4 Rxb5 43. Nxg6+ Ke6 44. Nf4+ Ke7 45. Rd2 Rab3 46. Nd5+ Kf7 47. Nc3 Ra5 48. Nxe4 Nxe4 49. Rxe4 a3 50. Ra2 Rab5 51. Kd1 Rb1+ 52. Kc2 R1b2+ 53. Rxb2 Rxb2+ 54. Kc1 Rxh2 55. Kb1 Kg6 56. Ra4 Rb2+ 57. Kc1 Rb3 58. g4 Kg5 59. Kc2 Rg3 60. Kd1 Rb3 61. Ke2 Kh4 62. Kf2 Rc3 63. Kg2 Rb3 64. Kf2 Kg5 65. Kg2 Rc3 66. Kf1 Rd3 67. Ke2 Rb3 68. Kf2 Rh3 69. Kg2 Rb3 70. Kf2 Kf6 71. Ra5 Ke6 72. Ra6+ Kd5 73. Rxh6 Kd4 74. g5 Kc3 75. Ke3 a2 76. Ra6 Kb2+ 77. Kd2 a1Q 0-1

[Event "Comodoro Rivadavia"]
[Site "Comodoro Rivadavia"]
[Date "2023.09.15"]
[Round "6"]
[White "Romero Barreto, Jaime Jose"]
[Black "Slomka, Gustavo"]
[Result "1-0"]
[WhiteElo "2335"]
[BlackElo "2012"]
[PlyCount "85"]
[EventDate "2023.09.12"]
[EventType "tourn"]
[EventRounds "9"]
[EventCountry "ARG"]
[EventCategory "2"]
[SourceTitle "EXT 2024"]
[Source "ChessBase"]
[SourceDate "2023.10.10"]
[SourceVersion "1"]
[SourceVersionDate "2023.10.10"]
[SourceQuality "1"]

1. e4 e5 2. Nf3 Nf6 3. d3 Nc6 4. g3 d5 5. exd5 Nxd5 6. Bg2 Be7 7. 0-0 0-0 8. Re1 f6 9. Nc3 Be6 10. a3 Nxc3 11. bxc3 Qd7 12. Be3 Rad8 13. Nd2 Rfe8 14. c4 Na5 15. Qb1 b6 16. Ne4 Nb7 17. Nc3 c6 18. a4 f5 19. Qc1 Bf6 20. Bg5 Na5 21. Bxf6 gxf6 22. Qh6 Qg7 23. Qe3 Qd7 24. Ne2 e4 25. Qh6 exd3 26. cxd3 Qg7 27. Qh5 Bf7 28. Qf3 Qg4 29. Nf4 Qxf3 30. Bxf3 Nb3 31. Bxc6 Rxe1+ 32. Rxe1 Nd4 33. Bg2 Be8 34. Re7 Bxa4 35. Nd5 Rd6 36. Rxa7 Bc2 37. Nf4 Kf8 38. Bd5 h5 39. f3 Bd1 40. Kf2 Bb3 41. Ke3 Nc2+ 42. Kd2 Nb4 43. Bf7 1-0

[Event "Comodoro Rivadavia"]
[Site "Comodoro Rivadavia"]
[Date "2023.09.13"]
[Round "3"]
[White "Slomka, Gustavo"]
[Black "Oro, Faustino"]
[Result "0-1"]
[WhiteElo "2012"]
[BlackElo "2325"]
[PlyCount "68"]
[EventDate "2023.09.12"]
[EventType "tourn"]
[EventRounds "9"]
[EventCountry "ARG"]
[EventCategory "2"]
[SourceTitle "EXT 2024"]
[Source "ChessBase"]
[SourceDate "2023.10.10"]
[SourceVersion "1"]
[SourceVersionDate "2023.10.10"]
[SourceQuality "1"]

1. e4 c5 2. Nf3 Nf6 3. e5 Nd5 4. c4 Nc7 5. d4 cxd4 6. Qxd4 Nc6 7. Qh4 d6 8. exd6 Qxd6 9. Be2 e5 10. 0-0 Ne6 11. Nc3 Ned4 12. Nxd4 Nxd4 13. Be3 Be7 14. Qe4 Nxe2+ 15. Nxe2 f5 16. Qc2 f4 17. Bd2 0-0 18. Rad1 Bf5 19. Qb3 Qg6 20. Kh1 Bc2 21. Qb5 Bxd1 22. Rxd1 Rad8 23. Qb3 f3 24. gxf3 Qd3 25. Qxd3 Rxd3 26. Nc1 Rd7 27. Nb3 Bg5 28. Kg2 a5 29. Bxg5 Rxd1 30. Nxa5 Ra8 31. b4 Rd6 32. Be3 b6 33. Nb3 Rxa2 34. c5 Rg6+ 0-1

[Event "Rio Grande Centennial op"]
[Site "Rio Grande"]
[Date "2021.09.29"]
[Round "2"]
[White "Romero Barreto, Jaime Jose"]
[Black "Slomka, Gustavo"]
[Result "1-0"]
[WhiteElo "2355"]
[BlackElo "1998"]
[PlyCount "149"]
[EventDate "2021.09.29"]
[EventType "swiss"]
[EventRounds "9"]
[EventCountry "ARG"]
[SourceTitle "EXT 2022"]
[Source "ChessBase"]
[SourceDate "2021.10.06"]
[SourceVersion "1"]
[SourceVersionDate "2021.10.06"]
[SourceQuality "1"]

1. e4 c5 2. Nf3 e6 3. c3 Nf6 4. e5 Nd5 5. d4 cxd4 6. cxd4 d6 7. Bc4 Nb6 8. Bb3 Nc6 9. Qe2 dxe5 10. dxe5 Nb4 11. Nc3 Be7 12. h4 Qd3 13. a3 Qxe2+ 14. Kxe2 Nc6 15. Na4 Nd7 16. Bf4 b6 17. Rac1 Na5 18. Ba2 Ba6+ 19. Ke1 b5 20. Bd2 Nc4 21. Bxc4 bxc4 22. Be3 0-0 23. Bd4 Rfc8 24. Nd2 Bc5 25. Nxc5 Nxc5 26. Bxc5 Rxc5 27. f4 Rd5 28. Rh3 Rd4 29. Rf3 Rad8 30. Rc2 Bb5 31. g3 Bc6 32. Re3 Bb5 33. Rf3 Bc6 34. Rf2 Bb5 35. Rc3 Kf8 36. Re2 Rd3 37. Ne4 Rxc3 38. Nxc3 Bc6 39. Rd2 Bd5 40. Kf2 Ke7 41. Ke3 g6 42. g4 h5 43. gxh5 gxh5 44. Nxd5+ exd5 45. f5 Rb8 46. Rxd5 Rxb2 47. Ra5 Rh2 48. Rxa7+ Ke8 49. a4 Rh3+ 50. Kd4 Rxh4+ 51. Kd5 Rh1 52. Kxc4 Rc1+ 53. Kd5 h4 54. Ra8+ Kd7 55. Ra7+ Ke8 56. Ra8+ Kd7 57. e6+ fxe6+ 58. fxe6+ Ke7 59. Ra7+ Kd8 60. Rd7+ Ke8 61. Rh7 Rd1+ 62. Kc6 Re1 63. Kd6 Rd1+ 64. Kc7 Rc1+ 65. Kb7 Rb1+ 66. Ka7 Kd8 67. a5 Re1 68. Rxh4 Rxe6 69. Kb7 Re7+ 70. Kb8 Re1 71. Rd4+ Ke8 72. a6 Rb1+ 73. Kc7 Rc1+ 74. Kb6 Rb1+ 75. Ka5 1-0

[Event "Puerto Madryn Primera"]
[Site "Puerto Madryn"]
[Date "2018.12.17"]
[Round "6.3"]
[White "Sabas, Jorge"]
[Black "Slomka, Gustavo"]
[Result "1-0"]
[WhiteElo "2218"]
[BlackElo "2016"]
[PlyCount "55"]
[EventDate "2018.12.01"]
[EventType "swiss"]
[EventRounds "7"]
[EventCountry "ARG"]
[SourceTitle "EXT 2024"]
[Source "ChessBase"]
[SourceDate "2023.10.10"]
[SourceVersion "1"]
[SourceVersionDate "2023.10.10"]
[SourceQuality "1"]

1. c4 c6 2. e4 d5 3. exd5 cxd5 4. cxd5 Nf6 5. Qa4+ Bd7 6. Qb3 Qb6 7. Qxb6 axb6 8. Nc3 Na6 9. Bc4 b5 10. Nxb5 Rc8 11. d3 Nb4 12. Rb1 Nbxd5 13. Nf3 Rc5 14. a4 Bf5 15. b3 Nb4 16. Be3 Nc2+ 17. Kd2 Nxe3 18. fxe3 e5 19. e4 Bg6 20. Rhc1 Nd7 21. b4 Rc8 22. Ke2 Kd8 23. a5 f6 24. Bd5 Rxc1 25. Rxc1 Bxb4 26. Bxb7 Nc5 27. a6 Kd7 28. a7 1-0

[Event "Puerto Madryn-ch"]
[Site "Puerto Madryn"]
[Date "2017.12.05"]
[Round "5.1"]
[White "Malvicino, Juan Carlos"]
[Black "Slomka, Gustavo"]
[Result "0-1"]
[WhiteElo "1685"]
[BlackElo "2018"]
[PlyCount "100"]
[EventDate "2017.11.26"]
[EventType "swiss"]
[EventRounds "10"]
[EventCountry "ARG"]
[SourceTitle "EXT 2024"]
[Source "ChessBase"]
[SourceDate "2023.10.10"]
[SourceVersion "1"]
[SourceVersionDate "2023.10.10"]
[SourceQuality "1"]

1. c4 Nf6 2. Nc3 g6 3. g3 Bg7 4. Bg2 0-0 5. Nf3 d6 6. d4 Nc6 7. 0-0 a6 8. e4 Rb8 9. Rb1 b5 10. cxb5 axb5 11. b4 Nd7 12. Ne2 Nb6 13. d5 Ne5 14. Ned4 Nxf3+ 15. Bxf3 Bd7 16. Bg2 Ra8 17. Bb2 Nc4 18. Ba1 Rxa2 19. Nc6 Bxc6 20. Bxg7 Kxg7 21. Qd4+ Kg8 22. dxc6 e5 23. Qc3 Qa8 24. Ra1 Rxa1 25. Rxa1 Qxc6 26. h4 Ra8 27. Rxa8+ Qxa8 28. h5 Qa3 29. Qe1 Kg7 30. g4 g5 31. Bf1 Qf3 32. Qe2 Qxe2 33. Bxe2 c6 34. f3 Kf6 35. Kf2 Ke6 36. Ke1 h6 37. Kd1 d5 38. Kc2 d4 39. Kd3 Kd6 40. Kc2 Nb6 41. Bd3 Nd7 42. Kb3 Nf8 43. Kc2 Ne6 44. Bf1 Kc7 45. Kb3 Kb6 46. Bg2 c5 47. bxc5+ Kxc5 48. Bf1 Nf4 49. Kb2 d3 50. Kc3 b4+ 0-1

[Event "Puerto Madryn-ch A"]
[Site "Puerto Madryn"]
[Date "2016.10.17"]
[Round "6.3"]
[White "Malvicino, Juan Carlos"]
[Black "Slomka, Gustavo"]
[Result "1/2-1/2"]
[WhiteElo "1685"]
[BlackElo "2018"]
[PlyCount "68"]
[EventDate "2016.10.02"]
[EventType "swiss"]
[EventRounds "7"]
[EventCountry "ARG"]
[SourceTitle "EXT 2024"]
[Source "ChessBase"]
[SourceDate "2023.10.10"]
[SourceVersion "1"]
[SourceVersionDate "2023.10.10"]
[SourceQuality "1"]

1. d4 d5 2. c4 c6 3. Nf3 Nf6 4. g3 dxc4 5. Bg2 Nbd7 6. 0-0 e6 7. Qc2 Be7 8. Nbd2 0-0 9. Nxc4 Nd5 10. a3 a5 11. e4 N5b6 12. Be3 Nxc4 13. Qxc4 a4 14. Rac1 Qa5 15. Rfd1 Ra6 16. Bd2 Qh5 17. Be3 e5 18. d5 cxd5 19. Rxd5 Rc6 20. Qf1 Qg6 21. Rxc6 Qxc6 22. Nxe5 Nxe5 23. Rxe5 Bd6 24. Rb5 Qc2 25. e5 Bb8 26. Bxb7 Bxb7 27. Rxb7 Bxe5 28. Qc1 Qxc1+ 29. Bxc1 Rc8 30. Be3 Kf8 31. Kg2 Rc2 32. Ra7 Rc4 33. Rb7 Rc2 34. Ra7 Rc4 1/2-1/2

[Event "Puerto Madryn-ch A"]
[Site "Puerto Madryn"]
[Date "2016.10.10"]
[Round "4.2"]
[White "Sabas, Jorge"]
[Black "Slomka, Gustavo"]
[Result "1-0"]
[WhiteElo "2229"]
[BlackElo "2018"]
[PlyCount "59"]
[EventDate "2016.10.02"]
[EventType "swiss"]
[EventRounds "7"]
[EventCountry "ARG"]
[SourceTitle "EXT 2024"]
[Source "ChessBase"]
[SourceDate "2023.10.10"]
[SourceVersion "1"]
[SourceVersionDate "2023.10.10"]
[SourceQuality "1"]

1. d4 d5 2. c4 dxc4 3. e4 e5 4. Nf3 exd4 5. Bxc4 Nc6 6. 0-0 Be6 7. Bb5 Nge7 8. Nxd4 Bd7 9. Nb3 Ne5 10. Be2 N7c6 11. f4 Ng6 12. Be3 a5 13. Nc5 Bxc5 14. Bxc5 b6 15. Be3 0-0 16. Nc3 Qc8 17. Rc1 Rd8 18. Qe1 Nge7 19. Qg3 f5 20. e5 Nb4 21. Rfd1 c5 22. a3 Nbc6 23. Nb5 Be6 24. Nd6 Qc7 25. Bf3 Bb3 26. Rd2 Rd7 27. Bxc5 bxc5 28. Bxc6 Qxc6 29. Qxb3+ Kh8 30. Nf7+ 1-0

[Event "Chubut Province-ch"]
[Site "Chubut"]
[Date "2015.11.27"]
[Round "3"]
[White "Maldonado, Jaime"]
[Black "Slomka, Gustavo"]
[Result "1/2-1/2"]
[WhiteElo "1968"]
[BlackElo "1983"]
[PlyCount "22"]
[EventDate "2015.11.26"]
[EventType "swiss"]
[EventRounds "7"]
[EventCountry "ARG"]
[SourceTitle "CBM 169 Extra"]
[Source "ChessBase"]
[SourceDate "2015.12.18"]
[SourceVersion "1"]
[SourceVersionDate "2015.12.18"]
[SourceQuality "1"]

1. e4 c5 2. Nf3 e6 3. d4 cxd4 4. Nxd4 Nf6 5. Nc3 Nc6 6. Bg5 Bb4 7. Nxc6 Bxc3+ 8. bxc3 bxc6 9. Qf3 e5 10. Bc4 0-0 11. 0-0 h6 1/2-1/2

[Event "American Continental 09th"]
[Site "Cochabamba"]
[Date "2013.05.10"]
[Round "5"]
[White "Slomka, Gustavo"]
[Black "Saavedra, Carlos"]
[Result "0-1"]
[WhiteElo "2055"]
[BlackElo "2179"]
[PlyCount "74"]
[EventDate "2013.05.07"]
[EventType "swiss"]
[EventRounds "11"]
[EventCountry "BOL"]
[SourceTitle "CBM 154 Extra"]
[Source "ChessBase"]
[SourceDate "2013.06.25"]
[SourceVersion "2"]
[SourceVersionDate "2013.06.25"]
[SourceQuality "1"]

1. b3 d5 2. Bb2 Nf6 3. e3 Bf5 4. Nf3 e6 5. Be2 h6 6. 0-0 c5 7. Ne5 Nfd7 8. f4 Nxe5 9. fxe5 Be7 10. Bf3 Nc6 11. Nc3 Bh7 12. Ne2 Qc7 13. c4 dxc4 14. bxc4 0-0 15. d4 Bg5 16. d5 exd5 17. cxd5 Nxe5 18. d6 Nxf3+ 19. Rxf3 Qb6 20. Be5 Be4 21. Rg3 f6 22. Bf4 Rad8 23. Nc3 Bxf4 24. exf4 c4+ 25. Kh1 Bd3 26. Qg4 Rf7 27. Re1 Qxd6 28. Rge3 Qd7 29. Qh5 a6 30. a4 Qf5 31. Re8+ Rxe8 32. Rxe8+ Rf8 33. Rxf8+ Kxf8 34. Qf3 Qd7 35. h3 Qd4 36. Qxb7 Qxc3 37. Qxa6 Qc1+ 0-1